<?xml version="1.0" encoding="UTF-8"?><?xml-stylesheet type="text/xsl" href="static/style.xsl"?><OAI-PMH xmlns="http://www.openarchives.org/OAI/2.0/" xmlns:xsi="http://www.w3.org/2001/XMLSchema-instance" xsi:schemaLocation="http://www.openarchives.org/OAI/2.0/ http://www.openarchives.org/OAI/2.0/OAI-PMH.xsd"><responseDate>2026-04-18T04:31:41Z</responseDate><request verb="GetRecord" identifier="oai:www.recercat.cat:2072/234289" metadataPrefix="marc">https://recercat.cat/oai/request</request><GetRecord><record><header><identifier>oai:recercat.cat:2072/234289</identifier><datestamp>2024-12-13T11:05:44Z</datestamp><setSpec>com_2072_63427</setSpec><setSpec>com_2072_63424</setSpec><setSpec>com_2072_63412</setSpec><setSpec>com_2072_2015</setSpec><setSpec>col_2072_63428</setSpec></header><metadata><record xmlns="http://www.loc.gov/MARC21/slim" xmlns:dcterms="http://purl.org/dc/terms/" xmlns:xsi="http://www.w3.org/2001/XMLSchema-instance" xmlns:doc="http://www.lyncode.com/xoai" xsi:schemaLocation="http://www.loc.gov/MARC21/slim http://www.loc.gov/standards/marcxml/schema/MARC21slim.xsd">
   <leader>00925njm 22002777a 4500</leader>
   <datafield ind2=" " ind1=" " tag="042">
      <subfield code="a">dc</subfield>
   </datafield>
   <datafield ind2=" " ind1=" " tag="720">
      <subfield code="a">Vogt, Veit-Dieter</subfield>
      <subfield code="e">author</subfield>
   </datafield>
   <datafield ind2=" " ind1=" " tag="260">
      <subfield code="c">2014-06-27T22:21:40Z</subfield>
   </datafield>
   <datafield ind2=" " ind1=" " tag="520">
      <subfield code="a">In this research work we searched for open source libraries which supports graph drawing and visualisation and can run in a browser. Subsequent these libraries were evaluated to find out which one is the best for this task. The result was the d3.js is that library which has the greatest functionality, flexibility and customisability. Afterwards we developed an open source software tool where d3.js was included and which was written in JavaScript so that it can run browser-based.</subfield>
   </datafield>
   <datafield ind2=" " ind1=" " tag="520">
      <subfield code="a">En este trabajo de investigación se han realizado búsquedas de las bibliotecas de código abierto que soportan delineado gráfico y visualización y se pueden ejecutar en un navegador. Posteriormente, se han evaluado estas bibliotecas para averiguar cuál es la mejor para esta tarea. El resultado ha sido que d3.js es la biblioteca que tiene la mayor funcionalidad, flexibilidad y personalización. A continuación, se ha desarrollado una herramienta de software de código abierto en la que está incluida d3.js y escrita en JavaScript para poder funcionar en un navegador.</subfield>
   </datafield>
   <datafield ind2=" " ind1=" " tag="520">
      <subfield code="a">En aquest treball d'investigació s'han realitzat recerques de les biblioteques de codi obert que suporten delineat gràfic i visualització i es poden executar en un navegador. Posteriorment, s'han avaluat aquestes biblioteques per esbrinar quina és la millor per a aquesta tasca. El resultat ha estat que d3.js és la biblioteca que té la major funcionalitat, flexibilitat i personalització. A continuació, s'ha desenvolupat una eina de programari de codi obert en què està inclosa d3.js i escrita en JavaScript per poder funcionar en un navegador.</subfield>
   </datafield>
   <datafield ind1="8" ind2=" " tag="024">
      <subfield code="a">http://hdl.handle.net/10609/33582</subfield>
   </datafield>
   <datafield tag="653" ind2=" " ind1=" ">
      <subfield code="a">aplicacions web</subfield>
   </datafield>
   <datafield tag="653" ind2=" " ind1=" ">
      <subfield code="a">aplicaciones web</subfield>
   </datafield>
   <datafield tag="653" ind2=" " ind1=" ">
      <subfield code="a">web applications</subfield>
   </datafield>
   <datafield tag="653" ind2=" " ind1=" ">
      <subfield code="a">d3.js</subfield>
   </datafield>
   <datafield tag="653" ind2=" " ind1=" ">
      <subfield code="a">d3.js</subfield>
   </datafield>
   <datafield tag="653" ind2=" " ind1=" ">
      <subfield code="a">d3.js</subfield>
   </datafield>
   <datafield tag="653" ind2=" " ind1=" ">
      <subfield code="a">JavaScript</subfield>
   </datafield>
   <datafield tag="653" ind2=" " ind1=" ">
      <subfield code="a">JavaScript</subfield>
   </datafield>
   <datafield tag="653" ind2=" " ind1=" ">
      <subfield code="a">JavaScript</subfield>
   </datafield>
   <datafield tag="653" ind2=" " ind1=" ">
      <subfield code="a">Application software -- Development -- TFM</subfield>
   </datafield>
   <datafield tag="653" ind2=" " ind1=" ">
      <subfield code="a">Programari d'aplicació -- Desenvolupament -- TFM</subfield>
   </datafield>
   <datafield tag="653" ind2=" " ind1=" ">
      <subfield code="a">Software de aplicación -- Desarrollo -- TFM</subfield>
   </datafield>
   <datafield ind2="0" ind1="0" tag="245">
      <subfield code="a">An open source browser-based software tool for graph drawing and visualisation</subfield>
   </datafield>
</record></metadata></record></GetRecord></OAI-PMH>